Géographie de la France par lettre - V - Statistiques

Statistiques générales
  • Ce quiz a été pris 21 721 fois
    19 178 depuis la dernière actualisation
  • Le résultat moyen est 11 sur 20
Statistiques - réponses
Question Réponse % Correct
Département de Toulon et Fréjus Var
96%
Grand bois situé à l'Est/ au Sud-est de la commune de Paris Bois de {Vincennes}
85%
Massif montagneux donnant son nom au département n°88 Vosges
81%
Département de La Roche-sur-Yon ou des Sables-d'Olonne Vendée
75%
Sous-préfecture de la Meuse, une bataille historique porte son nom Verdun
70%
Sous-préfecture de l'Allier, capitale de la zone non occupée durant la seconde guerre mondiale Vichy
70%
Chef-lieu des Yvelines et ancienne capitale du pays Versailles
69%
Chef-lieu du Morbihan Vannes
67%
Ville la plus peuplée de la banlieue lyonnaise Villeurbanne
67%
Plus grande ville de la Drôme Valence
61%
Département de petite couronne parisienne Val-de-Marne
60%
Rivière de PACA réputée pour ses gorges somptueuses et très touristiques Verdon
57%
Rivière, département, ou encore sous-préfecture de l'Isère Vienne
57%
Sous-préfecture du Nord, à la confluence de la Rhonelle et de l'Escaut Valenciennes
42%
Chef-lieu de la Haute-Saône Vesoul
33%
Massif des Préalpes situé à cheval sur la Drôme et l'Isère Vercors
31%
Région naturelle de Picardie portant le nom d'une dynastie royale française Valois
27%
Groupe de 5 îles dont Tahiti et Moorea, faisant partie de l'archipel de la Société Îles du {Vent}
24%
Région naturelle de Haute-Loire, on retrouve son nom dans celui de la préfecture Velay
24%
Capitale du Beaujolais et unique sous-préfecture du Rhône. Villefranche-sur-Saône
23%
Aucun quiz correspondant
Distribution des résultats
% des personnes avec chaque résultat
Percentile par nombre de réponses
Votre historique - résultats
Vous n’avez pas pris ce quiz depuis la dernière actualisation